Domácnost.
Uložené v:
| Hlavný autor: | |
|---|---|
| Médium: | Kniha |
| Jazyk: | Slovak |
| Vydané: |
1971.
|
| Fyzický popis: |
186 s. |
| Tagy: |
Pridať tag
Žiadne tagy, Buďte prvý kto otaguje tento záznam!
|
Titul je dostupný aj v ... 

MARC
| LEADER | 00000nam a22000004a 4500 | ||
|---|---|---|---|
| 001 | 000576830 | ||
| 005 | 20180412091534.0 | ||
| 008 | 180412s1971 xo e 000 0 slo d | ||
| 040 | |a SVKKK |b slo |c SVKKK |e AACR2 | ||
| 100 | 1 | |a Dvořák, Jan | |
| 245 | 1 | 0 | |a Domácnost. |
| 260 | |c 1971. | ||
| 300 | |a 186 s. | ||
| 500 | |a Záznam revízie | ||
| 910 | |a svkkk | ||
| 998 | |a BK | ||
| 090 | |g SCKHL |k Sklad Hlavná 10 suterén |a I.39410 |j 469526 |i 2720633550 |s Absenčne | ||